Państwa na EURO 2016 - Statystyki

Ogólne statystyki
  • Ten quiz został rozwiązany 544 razy
  • Średni wynik to 21 z 24
Statystyki odpowiedzi
l.p. Odpowiedź % Poprawnych
7. Polska
99%
21. Portugalia
99%
1. Francja
97%
5. Niemcy
97%
17. Hiszpania
95%
6. Ukraina
95%
11. Irlandia
94%
14. Rosja
93%
12. Szwecja
92%
10. Włochy
92%
13. Anglia
91%
9. Belgia
91%
4. Szwajcaria
90%
20. Chorwacja
89%
18. Czechy
87%
16. Słowacja
85%
15. Walia
85%
24. Węgry
82%
2. Rumunia
81%
23. Austria
80%
22. Islandia
80%
3. Albania
76%
8. Irlandia Północna
75%
19. Turcja
75%
Nie znaleziono quizów pasujących do podanych kryteriów
Rozkład punktacji
Procent ludzi z każdym wynikiem
Percentyl według liczby udzielonych odpowiedzi
Twoja historia wyników
Nie rozwiązałeś tego quizu